MESTSKÁ KNIŽNICA GIRALTOVCE  - online katalóg 

Kňažná de Cléves (Record no. 10678)

000 -NÁVESTIE
fixed length control field 00833nam a2200241 a 4500
008 - ÚDAJE S PEVNOU DĹŽKOU – VŠEOBECNÉ INFORMÁCIE
fixed length control field 951212s1980||||CS 0 slo c
020 ## - MEDZINÁRODNÉ ŠTANDARDNÉ ČÍSLO KNIHY (ISBN)
Údaje o dostupnosti 10 Kčs.
Qualifying information (50000 výtl.)
040 ## - ZDROJ KATALOGIZÁCIE
Pôvodná katalogizujúca agentúra SNK
Jazyk katalogizácie slo
Prepisujúca agentúra SNK
Konvencie popisu AACR2
044 ## - KÓD KRAJINY VYDAVATEĽA/PRODUCENTA
Kód krajiny MARC xo
Kód krajiny ISO SK
080 ## - ČÍSLO MEDZINÁRODNÉHO DESATINNÉHO TRIEDENIA (MDT)
Číslo Medzinárodného desatinného triedenia (MDT) 840-3
041 ## - KÓD JAZYKA
Kód jazyka textu/zvukovej stopy alebo samostatných nápisov slo
100 1# - OSOBNÉ MENÁ – VŠEOBECNÉ INFORMÁCIE
Osobné meno La Fayette, Marie Madelaine Pioche de la Vergne de
245 10 - NÁZOV
Názov Kňažná de Cléves
Údaj o zodpovednosti atď. Marie Madelaine Pioche de la Vergne de La Fayette ; Viera Millerová, Ján Krížik, Ladislav Borodáč, Terézia Černá
250 ## - ÚDAJ O PORADÍ VYDANIA
Údaj o poradí vydania 2., vyd.
260 ## - VYDAVATEĽSKÉ ÚDAJE, DISTRIBÚCIA ATĎ.
Miesto publikovania, distribúcie atď. Bratislava
Názov vydavateľa, distibútora atď. Slovenský spisovateľ
Dátum publikovania, distribúcie atď. 1980
Miesto výroby Nitra
Výrobca Nitrianske tlačiarne
300 ## - FYZICKÝ POPIS
Rozsah 144 s., 8,41 AH
Rozmery 21 cm
490 0# - EDÍCIA
Edícia Retro
Zväzok/sekvenčné označenie Zv. 5.
700 1# - PRIDANÝ VSTUP – OSOBNÉ MENO
Osobné meno Millerová, Viera
Kód roly prk
700 1# - PRIDANÝ VSTUP – OSOBNÉ MENO
Osobné meno Krížik, Ján
Kód roly gup
700 1# - PRIDANÝ VSTUP – OSOBNÉ MENO
Osobné meno Borodáč, Ladislav
Kód roly gup
700 1# - PRIDANÝ VSTUP – OSOBNÉ MENO
Osobné meno Černá, Terézia
Kód roly ini
958 ## - Formálny deskriptor
Formálny deskriptor A
Holdings
Stav stiahnutia (Blokovanie) (Withrawn status) Stav straty Stav poškodenia (Damaged status) Nie pre výpožičky (Not for loan) Spôsob nadobudnutia (Collection code) Trvalé umiestnenie Aktuálne umiestnenie Dátum nadobudnutia Náklady, bežná kúpna cena Inventárne číslo (prírastkové číslo) Full call number Dátum posledného výskytu Cena s účinnosťou od Typ jednotky Koha
        Kúpa Mestská knižnica Giraltovce Mestská knižnica Giraltovce 2019-11-29 10.00 10045 B 4224 2019-11-29 2019-11-29 Krásna literatúra pre dospelých

Powered by Koha